000 00606nam a22002177a 4500
003 UA-OsUOA
001 77567
007 ta
008 20110919b un ||||| |||| 00| 0 ukr d
100 _aІванченко Р.
090 _a82
_bИ99
942 _cSA
040 _aUA-OsUOA
_bukr
_cUA-OsUOA
_dUA-OsUOA
245 _aАпостол правди і науки Леся Українка та донька М. Драгоманова
300 _aС.6
955 _a0
041 _aukr
080 _a82
773 0 _w77566
650 7 _a82 Література. Літературознавство
_2UDC
999 _c363873
_d363873